| 000 | 00838cam a2200265 a 4500 | ||
|---|---|---|---|
| 003 | UPN | ||
| 005 | 20240910063657.0 | ||
| 008 | 191105s2003 sp fr 001 0 spa d | ||
| 020 | _a8449313961 | ||
| 035 | _aUPN01000233869 | ||
| 040 |
_aMX-MxUPN _bspa _cMX-MxUPN |
||
| 050 | 1 | 4 |
_aPN1992.6 _bB3.7 |
| 100 | 1 |
_aBarker, Chris, _d1955- _944472 |
|
| 245 | 1 | 0 |
_aTelevisión, globalización e identidades culturales / _cChris Barker. |
| 260 |
_aBarcelona : _bPaidós, _c2003. |
||
| 300 | _a313 páginas | ||
| 490 |
_aPaidós comunicación ; _v143 |
||
| 500 | _aTítulo original: Television, globaliZation and cultural identities. | ||
| 650 | 1 | 4 |
_aTelevisión _xAspectos sociales _921618 |
| 650 | 1 | 4 |
_aIdentidad cultural _99165 |
| 650 | 1 | 4 |
_aCultura y globalización _922100 |
| 905 | _aLibro | ||
| 942 |
_2lcc _cLIBRO |
||
| 999 |
_c205964 _d205964 |
||